Guess The American Brands! #40 - Statistics

General Stats
  • This quiz has been taken 9 times
  • The average score is 15 of 24
Answer Stats
Picture Answer % Correct
Sun Chips
100%
Band Aid
86%
Old Spice
86%
Saw
86%
Doom
71%
Jansport
71%
JLO
71%
USA Today
71%
Bloomberg
57%
Kenworth
57%
Lucky Brand
57%
Max Factor
57%
Mortal Kombat
57%
Pabst Blue Ribbon
57%
Radisson
57%
RSS
57%
The Onion
57%
Variety
57%
Compaq
43%
Fiji
43%
RCA Vector
43%
Redbox
43%
Warner Bros Animation
43%
Windows 98
43%
No matching quizzes found
Score Distribution
Percent of People with Each Score
Percentile by Number Answered
Your Score History
You have not taken this quiz